Estadística (Registro nro. 4326)
[ vista simple ]
| 000 -LEADER | |
|---|---|
| fixed length control field | 01402 a2200205 4500 |
| 001 - CONTROL NUMBER | |
| control field | 47250 |
| 005 - DATE AND TIME OF LATEST TRANSACTION | |
| control field | 20260407155740.0 |
| 008 - FIXED-LENGTH DATA ELEMENTS--GENERAL INFORMATION | |
| fixed length control field | 260407a1969 arg spa d |
| 003 - CONTROL NUMBER IDENTIFIER | |
| control field | AR-UNSa-BCEJYS |
| 040 ## - CATALOGING SOURCE | |
| Original cataloging agency | AR-UNSa-BCEJYS |
| Language of cataloging | spa |
| Transcribing agency | AR-UNSa-BCEJYS |
| 080 ## - UNIVERSAL DECIMAL CLASSIFICATION NUMBER | |
| Universal Decimal Classification number | 519.2 |
| Common auxiliary subdivision | Probabilidades y estadística matemática<br/> |
| 100 1# - MAIN ENTRY--PERSONAL NAME | |
| Personal name | Spiegel, Murray R. |
| 245 10 - TITLE STATEMENT | |
| Title | Estadística |
| Name of part/section of a work | Teoría y Problemas |
| 264 #1 - PRODUCTION, PUBLICATION, DISTRIBUTION, MANUFACTURE, AND COPYRIGHT NOTICE | |
| Place of production, publication, distribution, manufacture | México : |
| Name of producer, publisher, distributor, manufacturer | McGraw-Hill |
| Date of production, publication, distribution, manufacture, or copyright notice | 1969 |
| 300 ## - PHYSICAL DESCRIPTION | |
| Extent | 356 p. |
| Dimensions | 24 cm. |
| 505 ## - FORMATTED CONTENTS NOTE | |
| Formatted contents note | 1. Variables gráficos - 2. Distribuciones de frecuencias - 3. Media, mediana, moda y otras medidas de tendencia central - 4. La desviación típica y otras medidas de dispersión - 5. Momentos, sesgo y curtósis - 6. Teoría elemental de probabilidades - 7. Las distribuciones binomial, normal y de Poisson - 8. Teoría elemental del muestreo - 9. Teoría de la estimación estadística - 10. Teoría estadística de las decisiones - 11. Teoría de pequeñas muestras - 12. Test JI-CUADRADO - 13. Ajuste de curvas y el método de mínimos cuadrados - 14. Teoría de la correlación - 15. Correlación múltiple y parcial - 16. Análisis de varianza - 17. Contrastes no paramétricos - 18. Análisis de series en el tiempo - 19. Números índice. |
| 590 ## - LOCAL NOTE (RLIN) | |
| Local note | niveau_biblio:m niveau_hierar:0 |
| 856 41 - ELECTRONIC LOCATION AND ACCESS | |
| Uniform Resource Identifier | <a href="https://www.biblioeco.unsa.edu.ar/pmb/images/libros/L127443.jpg">https://www.biblioeco.unsa.edu.ar/pmb/images/libros/L127443.jpg</a> |
| Link text | Imagen de portada |
| Electronic format type | image/jpeg |
| 942 ## - ADDED ENTRY ELEMENTS (KOHA) | |
| Koha item type | |
| Withdrawn status | Lost status | Damaged status | Not for loan | Home library | Current library | Shelving location | Date acquired | Total checkouts | Full call number | Barcode | Date last seen | Price effective from | Koha item type |
|---|---|---|---|---|---|---|---|---|---|---|---|---|---|
| Biblioteca Prof. Eusebio Cleto del Rey | Biblioteca Prof. Eusebio Cleto del Rey | 07/04/2026 | 519.2 S755 | L127443 | 07/04/2026 | 07/04/2026 | Libro |